000 00471nam a22001457a 4500
999 _c1916
_d1916
008 160420b xxu||||| |||| 00| 0 eng d
020 _a978-971-27-1962-2
082 _22007
_aDFil 174.4
_bM45b
100 _96126
_aMaximiano, Jose Mario B.
245 _aBusiness ethics and corporate social responsibility/
_cJose Mario B. Maximiano.
260 _aPasig City:
_bAnvil,
_cc2007.
300 _axxvi, 232 pages;
_c22 cm.
650 0 _96127
_aBusiness ethics.
942 _2ddc
_cDFIL